Statistics for States with None of the Most Common County Names

Click here to take the quiz!

General Stats

  • This quiz has been taken 32 times
  • The average score is 8 of 10

Answer Stats

State% Correct
Alaska
97%
Hawaii
93%
Arizona
90%
California
87%
Delaware
87%
Connecticut
80%
New Hampshire
67%
New Jersey
63%
North Dakota
63%
South Carolina
50%

Score Distribution

Percentile by Number Answered

Percent of People with Each Score

Your Score History

You have not taken this quiz